00822cam a22002531 45000010008000000030004000080050017000120080041000290100017000700400018000870500016001050820015001211000042001362450086001782600034002643000033002985000068003315040031003996500021004306500016004516500027004677000039004947100035005331702578OSt20230620105005.0700820s1968 nyua b 000 0 eng  a 68010789  aDLCcDLCdDLC00aHD69.D4bB300a320.6bBAU1 aBauer, Raymond Augustine,d1916-1977.14aThe study of policy formation,cedited by Raymond A. Bauer and Kenneth J. Gergen. aNew York,bFree Pressc[1968] axxii, 392 p.billus.c24 cm. aPrepared in cooperation with the National Planning Association. aBibliographical footnotes. 0aDecision making. 0aManagement. 0aPublic administration.1 aGergen, Kenneth J.,ejoint author.2 aNational Planning Association.